000 00309nam a2200133Ia 4500
005 20251222154306.0
008 251222s9999||||xx |||||||||||||| ||spa||
020 _a84-206-1428-9
082 _a641.5/O73
100 _a"Ortega, Simone"
245 0 _a1080 Recetas de cocina
250 _a30a.ed.
942 _cLIB
999 _c33215
_d33215